| 000 | 00525nam a2200169 i 4500 | ||
|---|---|---|---|
| 001 | 47277 | ||
| 003 | ES-MaACL | ||
| 005 | 20230906161531.0 | ||
| 007 | t| | ||
| 008 | 030404s1964 xxu ||||1| eng d | ||
| 100 | 1 |
_aCooper, James Fenimore. _940390 |
|
| 245 | 1 | 4 |
_aThe prairie / _cJames Fenimore Cooper ; with an afterword by John William Ward. |
| 260 |
_a[New York] : _bNew American Library, _c[1964] |
||
| 300 |
_aVII, 8-416 p. ; _c18 cm. |
||
| 700 | 1 |
_aWard, John William. _9116080 |
|
| 852 |
_aES-MaACL _jC-36206 _bR.66132 |
||
| 999 |
_c47277 _d47277 |
||